[Event "3. Torneo Master Benidorm"]
[Site "Benidorm ESP"]
[Date "2006.12.07"]
[Round "1.3"]
[White "Morejon, Eduardo"]
[Black "Kozul, Zdenko"]
[Result "0-1"]
[WhiteElo "2103"]
[BlackElo "2589"]
[PlyCount "70"]
[EventDate "2006.12.07"]
[EventType "swiss (rapid)"]
[EventRounds "9"]
[EventCountry "ESP"]
[Source "lmi"]
[SourceDate "2006.12.07"]

1. d4 Nf6 2. Nc3 d5 3. Bg5 Nbd7 4. Nf3 c6 5. e3 Qb6 6. Rb1 g6 7. Bd3 Bg7 8. O-O
O-O 9. h3 Re8 10. Bf4 Nh5 11. Bh2 e5 12. dxe5 Nxe5 13. Nxe5 Bxe5 14. Bxe5 Rxe5
15. Be2 Nf6 16. Qd4 Re6 17. Qxb6 axb6 18. a3 Re7 19. Rfd1 b5 20. Na2 Ne4 21.
Bf3 Nd6 22. Nb4 Be6 23. Nd3 Bf5 24. g4 Be4 25. Bxe4 Nxe4 26. Nb4 Kg7 27. c3 Rh8
28. Kg2 h5 29. Rh1 Nd2 30. Rbd1 Nc4 31. Rb1 Re4 32. Kg3 hxg4 33. h4 Nd6 34. Nd3
Nf5+ 35. Kg2 Nxh4+ 0-1

[Event "3. Torneo Master Benidorm"]
[Site "Benidorm ESP"]
[Date "2006.12.07"]
[Round "1.4"]
[White "Moskalenko, Viktor"]
[Black "Carrasco Sagredo, Manuel"]
[Result "1-0"]
[WhiteElo "2543"]
[BlackElo "2100"]
[PlyCount "75"]
[EventDate "2006.12.07"]
[EventType "swiss (rapid)"]
[EventRounds "9"]
[EventCountry "ESP"]
[Source "lmi"]
[SourceDate "2006.12.07"]

1. d4 Nf6 2. c4 g6 3. Nc3 Bg7 4. e4 d6 5. f4 O-O 6. Nf3 Na6 7. Bd3 e5 8. fxe5
dxe5 9. d5 Nh5 10. O-O Nf4 11. Be3 Qe7 12. a3 Nc5 13. Bc2 a5 14. Na4 Nxa4 15.
Bxa4 f5 16. Bc2 b6 17. Re1 Ba6 18. exf5 g5 19. Nd2 e4 20. Bxe4 Rae8 21. Qc2 Qe5
22. Rab1 Rf6 23. Bf2 Rh6 24. Nf3 Qd6 25. f6 Bxf6 26. Bxh7+ Kf8 27. Bf5 Re7 28.
h3 g4 29. Bxg4 Rg6 30. Rxe7 Bxe7 31. Re1 b5 32. Re4 Rf6 33. Bd4 bxc4 34. Bxf6
Qxf6 35. Nd4 Bc5 36. Qf2 Nxd5 37. Ne6+ Kg8 38. Nxc5 1-0

[Event "3. Torneo Master Benidorm"]
[Site "Benidorm ESP"]
[Date "2006.12.07"]
[Round "1.5"]
[White "Yastrebova, Tatiana"]
[Black "Cabrera, Alexis"]
[Result "0-1"]
[WhiteElo "2099"]
[BlackElo "2508"]
[PlyCount "70"]
[EventDate "2006.12.07"]
[EventType "swiss (rapid)"]
[EventRounds "9"]
[EventCountry "ESP"]
[Source "lmi"]
[SourceDate "2006.12.07"]

1. d4 f5 2. Nc3 Nf6 3. Bg5 d5 4. e3 g6 5. Nf3 Bg7 6. Bd3 Nc6 7. O-O O-O 8. Ne2
Be6 9. a3 Bf7 10. Rc1 Ne4 11. c4 dxc4 12. Bxc4 Bxc4 13. Rxc4 Qd5 14. Rc1 e5 15.
dxe5 Qxd1 16. Rfxd1 Nxg5 17. Nxg5 Bxe5 18. Rd2 Rfd8 19. Rcd1 Bxb2 20. Ne6 Rxd2
21. Rxd2 Bxa3 22. Nxc7 Rd8 23. Rxd8+ Nxd8 24. Nb5 Bc5 25. Ned4 Kf7 26. Kf1 a6
27. Nc3 Ke7 28. Ke2 Kd6 29. Kd3 Nc6 30. Nb3 Ne5+ 31. Ke2 b5 32. e4 Nc6 33. exf5
gxf5 34. f3 Nd4+ 35. Nxd4 Bxd4 0-1

[Event "3. Torneo Master Benidorm"]
[Site "Benidorm ESP"]
[Date "2006.12.07"]
[Round "1.6"]
[White "Damaso, Rui"]
[Black "Santos Folch, Adolfo"]
[Result "1-0"]
[WhiteElo "2449"]
[BlackElo "2065"]
[PlyCount "89"]
[EventDate "2006.12.07"]
[EventType "swiss (rapid)"]
[EventRounds "9"]
[EventCountry "ESP"]
[Source "lmi"]
[SourceDate "2006.12.07"]

1. e4 c5 2. Nc3 Nc6 3. f4 g6 4. Nf3 Bg7 5. Bb5 Nd4 6. O-O e6 7. e5 a6 8. Bd3 d6
9. Ne4 Nf5 10. g4 d5 11. Nxc5 Qb6 12. b4 Qxb4 13. Nxe6 fxe6 14. gxf5 gxf5 15.
Ng5 Ne7 16. c3 Qc5+ 17. Kh1 O-O 18. a4 h6 19. Ba3 Qc7 20. Nf3 Rf7 21. Rg1 Nc6
22. Nh4 b5 23. Bd6 Qb7 24. Qh5 d4 25. Rg2 bxa4 26. Rag1 Nd8 27. Be2 Bd7 28. Bf3
Bc6 29. Bxc6 Qxc6 30. Qxh6 dxc3 31. dxc3 a3 32. Bxa3 Rb8 33. Qh5 Rb3 34. Bb4 a5
35. Bxa5 Nb7 36. Bb4 Rb2 37. Nf3 Rxg2 38. Rxg2 Qe4 39. Qxf7+ Kxf7 40. Ng5+ Kg8
41. Nxe4 fxe4 42. Ra2 e3 43. Kg2 Kh7 44. Ra8 Kg6 45. Rb8 1-0

[Event "3. Torneo Master Benidorm"]
[Site "Benidorm ESP"]
[Date "2006.12.07"]
[Round "2.2"]
[White "Cappon, John"]
[Black "Delchev, Aleksander"]
[Result "0-1"]
[WhiteElo "2240"]
[BlackElo "2628"]
[PlyCount "90"]
[EventDate "2006.12.07"]
[EventType "swiss (rapid)"]
[EventRounds "9"]
[EventCountry "ESP"]
[Source "lmi"]
[SourceDate "2006.12.07"]

1. e4 e5 2. Nc3 Nf6 3. Bc4 Bb4 4. Qf3 O-O 5. Nge2 c6 6. O-O d6 7. h3 Be6 8. d3
Nbd7 9. Bb3 a5 10. Be3 b5 11. Qg3 a4 12. Bxe6 fxe6 13. a3 Ba5 14. Rfd1 d5 15.
d4 Bc7 16. dxe5 Nxe5 17. f4 Nh5 18. Qf2 Nc4 19. Bc5 Rf7 20. g3 Nxb2 21. Rd2 Nc4
22. Rd3 Nf6 23. Nd4 Qe8 24. Re1 Nd7 25. Bb4 Nde5 26. exd5 cxd5 27. Rdd1 Bb6 28.
Ncxb5 Qxb5 29. Nxb5 Nf3+ 30. Kg2 Bxf2 31. Rxe6 Ne3+ 32. Rxe3 Bxe3 33. Kxf3 Bb6
34. Rxd5 h6 35. c4 Ba5 36. Bd6 Rb7 37. Be5 Bd8 38. Kg4 Be7 39. Nd4 Bxa3 40. Nf5
Bf8 41. c5 Rb5 42. Bd4 a3 43. Rd7 a2 44. Ba1 Rb1 45. Bxg7 Bxg7 0-1

[Event "3. Torneo Master Benidorm"]
[Site "Benidorm ESP"]
[Date "2006.12.07"]
[Round "2.4"]
[White "Diogo, Vasco"]
[Black "Moskalenko, Viktor"]
[Result "0-1"]
[WhiteElo "2220"]
[BlackElo "2543"]
[PlyCount "136"]
[EventDate "2006.12.07"]
[EventType "swiss (rapid)"]
[EventRounds "9"]
[EventCountry "ESP"]
[Source "lmi"]
[SourceDate "2006.12.07"]

1. e4 e6 2. d4 d5 3. Nc3 Bb4 4. Nge2 Nf6 5. Bg5 dxe4 6. a3 Be7 7. Bxf6 gxf6 8.
Nxe4 b6 9. Nf4 f5 10. Ng3 O-O 11. Qf3 c6 12. O-O-O Kh8 13. Bc4 Qd6 14. Kb1 Ba6
15. Bb3 Nd7 16. Rhe1 Bg5 17. Nxe6 fxe6 18. Rxe6 Qf4 19. Qxc6 Rad8 20. Rd6 Bb5
21. Qxb5 Qxd6 22. Nxf5 Qf6 23. g4 Nc5 24. h4 Bf4 25. Bc4 Ne4 26. f3 Nd6 27.
Nxd6 Bxd6 28. Bd5 Rfe8 29. Be4 Re7 30. h5 Bf4 31. d5 h6 32. Qd3 Kg7 33. Qb5 Rc7
34. Rd3 Be5 35. Qb3 a6 36. c3 b5 37. Bf5 Rc4 38. Qd1 Bf4 39. Be6 Qe5 40. Bf5
Rd6 41. Be4 a5 42. Qb3 Rxe4 43. fxe4 Qxe4 44. Qxb5 Rf6 45. Ka2 Qe2 46. d6 Bxd6
47. Qd7+ Be7 48. Rd2 Qc4+ 49. Kb1 Qe4+ 50. Ka2 Qe6+ 51. Qxe6 Rxe6 52. Rd4 Kf6
53. a4 Re5 54. b4 Ke6 55. Kb3 Bf6 56. Rc4 axb4 57. cxb4 Re3+ 58. Kc2 Kd5 59.
Rc8 Re4 60. Rb8 Rxg4 61. a5 Bd4 62. a6 Kc4 63. b5 Rg2+ 64. Kd1 Kd3 65. Re8 Rb2
66. Kc1 Rxb5 67. Rd8 Ra5 68. Rb8 Rxa6 0-1

[Event "3. Torneo Master Benidorm"]
[Site "Benidorm ESP"]
[Date "2006.12.07"]
[Round "2.5"]
[White "Cabrera, Alexis"]
[Black "Bosque Ortega, Xavier"]
[Result "1-0"]
[WhiteElo "2508"]
[BlackElo "2230"]
[PlyCount "65"]
[EventDate "2006.12.07"]
[EventType "swiss (rapid)"]
[EventRounds "9"]
[EventCountry "ESP"]
[Source "lmi"]
[SourceDate "2006.12.07"]

1. e4 c6 2. d4 d5 3. e5 g6 4. c4 Be6 5. cxd5 Bxd5 6. Ne2 Nh6 7. Nbc3 e6 8. h4
Nf5 9. h5 Bg7 10. Nf4 Nd7 11. Nfxd5 cxd5 12. g4 Ne7 13. Be3 a6 14. Bd3 Nc6 15.
Ne2 Qa5+ 16. Kf1 Qb6 17. Kg2 O-O-O 18. Rb1 gxh5 19. Rxh5 f6 20. b4 fxe5 21. b5
axb5 22. Bxb5 Qc7 23. Bxc6 bxc6 24. Qa4 Nb8 25. dxe5 Bxe5 26. Rxe5 Qxe5 27. Bf4
Qe4+ 28. Qxe4 dxe4 29. Rxb8+ Kd7 30. Rb7+ Ke8 31. Bg5 Ra8 32. Re7+ Kf8 33. Nd4
1-0

[Event "3. Torneo Master Benidorm"]
[Site "Benidorm ESP"]
[Date "2006.12.07"]
[Round "2.6"]
[White "Sanchez Botella, Luis Javier"]
[Black "Damaso, Rui"]
[Result "1-0"]
[WhiteElo "2210"]
[BlackElo "2449"]
[PlyCount "79"]
[EventDate "2006.12.07"]
[EventType "swiss (rapid)"]
[EventRounds "9"]
[EventCountry "ESP"]
[Source "lmi"]
[SourceDate "2006.12.07"]

1. d4 Nf6 2. c4 e6 3. Nc3 Bb4 4. Qc2 O-O 5. a3 Bxc3+ 6. Qxc3 b5 7. cxb5 c6 8.
Bg5 h6 9. Bh4 cxb5 10. e3 Bb7 11. Nf3 a6 12. Bd3 d6 13. O-O Nbd7 14. Rac1 Rc8
15. Qd2 Rxc1 16. Rxc1 Qa8 17. Bg3 Bxf3 18. gxf3 e5 19. Kg2 Re8 20. Bf5 Nb6 21.
b3 e4 22. fxe4 g6 23. Bh3 Nxe4 24. Qc2 Ng5+ 25. Qc6 Qd8 26. Qxd6 Qa8+ 27. Qc6
Qd8 28. Bc7 Qd5+ 29. Qxd5 Nxd5 30. Ba5 Nxe3+ 31. fxe3 Rxe3 32. Rc3 Re2+ 33. Kg1
Re1+ 34. Kf2 Rd1 35. Rc8+ Kh7 36. Bg2 f5 37. Rc7+ Kg8 38. h4 Ne4+ 39. Bxe4 fxe4
40. Ke3 1-0

[Event "3. Torneo Master Benidorm"]
[Site "Benidorm ESP"]
[Date "2006.12.08"]
[Round "3.2"]
[White "Delchev, Aleksander"]
[Black "Contreras, Henry"]
[Result "1-0"]
[WhiteElo "2628"]
[BlackElo "2293"]
[PlyCount "95"]
[EventDate "2006.12.07"]
[EventType "swiss (rapid)"]
[EventRounds "9"]
[EventCountry "ESP"]
[Source "lmi"]
[SourceDate "2006.12.07"]

1. e4 c5 2. Nf3 d6 3. d4 cxd4 4. Nxd4 Nf6 5. Nc3 a6 6. Be2 e6 7. f4 Qc7 8. O-O
Be7 9. a4 Nc6 10. Be3 O-O 11. Kh1 Re8 12. Qd2 Na5 13. Qd3 b6 14. b4 Nc6 15.
Nxc6 Qxc6 16. e5 Nd5 17. Bf3 Bb7 18. Nxd5 exd5 19. c4 dxe5 20. Bxd5 Qc7 21.
fxe5 Bxd5 22. cxd5 Qxe5 23. Bf4 Qh5 24. d6 Bf6 25. d7 Red8 26. Rad1 Be5 27. Qd5
Ra7 28. Qxe5 Qxe5 29. Bxe5 Raxd7 30. Rxd7 Rxd7 31. h3 f6 32. Bc3 Rd3 33. Rf3
Rd5 34. Kg1 Kf7 35. Kf2 h5 36. h4 b5 37. a5 Rd6 38. Ke2 Rc6 39. Kd3 Rc4 40. g3
Rg4 41. Be1 Rc4 42. Rf5 g6 43. Rc5 Rxc5 44. bxc5 Ke6 45. Kd4 g5 46. Bd2 gxh4
47. gxh4 f5 48. Bf4 1-0

[Event "3. Torneo Master Benidorm"]
[Site "Benidorm ESP"]
[Date "2006.12.08"]
[Round "3.3"]
[White "Djingarova, Emilia"]
[Black "Kozul, Zdenko"]
[Result "0-1"]
[WhiteElo "2302"]
[BlackElo "2589"]
[PlyCount "72"]
[EventDate "2006.12.07"]
[EventType "swiss (rapid)"]
[EventRounds "9"]
[EventCountry "ESP"]
[Source "lmi"]
[SourceDate "2006.12.07"]

1. e4 c5 2. Nf3 d6 3. d4 cxd4 4. Nxd4 Nf6 5. Nc3 Nc6 6. Be2 e5 7. Nxc6 bxc6 8.
O-O Be7 9. f4 O-O 10. Kh1 exf4 11. Bxf4 Qc7 12. Qd3 Nd7 13. Rad1 Ne5 14. Qg3
Be6 15. b3 Rad8 16. Bh5 Qa5 17. Ne2 c5 18. Nc3 Ng6 19. Bd2 Qa6 20. Be2 Qb7 21.
Nd5 Bxd5 22. exd5 Bf6 23. Rxf6 gxf6 24. h4 Kh8 25. h5 Ne5 26. Qh4 Qe7 27. Rf1
Rg8 28. Bc3 Rg5 29. Bd2 h6 30. Bxg5 hxg5 31. Qe4 Kg7 32. Rf3 Rh8 33. Rh3 Ng6
34. Qf3 Nf4 35. h6+ Kf8 36. Qg4 Qxe2 0-1

[Event "3. Torneo Master Benidorm"]
[Site "Benidorm ESP"]
[Date "2006.12.08"]
[Round "3.5"]
[White "Mihailovs, Jurijs"]
[Black "Cabrera, Alexis"]
[Result "1/2-1/2"]
[WhiteElo "2298"]
[BlackElo "2508"]
[PlyCount "129"]
[EventDate "2006.12.07"]
[EventType "swiss (rapid)"]
[EventRounds "9"]
[EventCountry "ESP"]
[Source "lmi"]
[SourceDate "2006.12.07"]

1. d4 Nf6 2. c4 g6 3. Nc3 Bg7 4. e4 d6 5. f3 O-O 6. Be3 a6 7. Nge2 Nc6 8. Qd2
Rb8 9. Nc1 e5 10. d5 Nd4 11. N1e2 c5 12. dxc6 Nxc6 13. Nd5 Be6 14. Nec3 Bxd5
15. cxd5 Nd4 16. Bd3 Nd7 17. O-O f5 18. Ne2 f4 19. Bf2 g5 20. Nxd4 exd4 21. Be2
Qf6 22. Rac1 Rfc8 23. Rxc8+ Rxc8 24. Rc1 Rxc1+ 25. Qxc1 Qd8 26. h4 h6 27. hxg5
hxg5 28. g3 Be5 29. gxf4 Bxf4 30. Qc4 Ne5 31. Qxd4 Qc8 32. Be3 Kf7 33. Bxf4
gxf4 34. Qb6 Ke7 35. Kf2 Nd7 36. Qd4 Ne5 37. Qb6 Qd7 38. b4 Kf6 39. a4 Kg5 40.
b5 axb5 41. Bxb5 Qe7 42. Ke2 Kf6 43. a5 Nf7 44. Bc6 Nd8 45. Qd4+ Kg6 46. Bb5
Nf7 47. Qb6 Qe5 48. Qxb7 Qb2+ 49. Kd1 Qb3+ 50. Kc1 Qc3+ 51. Kb1 Qb3+ 52. Kc1
Qc3+ 53. Kb1 Qb3+ 54. Kc1 Qc3+ 55. Kb1 Qb3+ 56. Kc1 Qc3+ 57. Kb1 Qe1+ 58. Kc2
Qf2+ 59. Kb1 Qe1+ 60. Kc2 Qf2+ 61. Kb1 Qe1+ 62. Kc2 Ne5 63. Be8+ Kh6 64. a6
Qe2+ 65. Kb1 1/2-1/2

[Event "3. Torneo Master Benidorm"]
[Site "Benidorm ESP"]
[Date "2006.12.08"]
[Round "3.6"]
[White "Taboas Rodriguez, Daniel"]
[Black "Vidarte Morales, Arturo"]
[Result "1/2-1/2"]
[WhiteElo "2296"]
[BlackElo "2405"]
[PlyCount "149"]
[EventDate "2006.12.07"]
[EventType "swiss (rapid)"]
[EventRounds "9"]
[EventCountry "ESP"]
[Source "lmi"]
[SourceDate "2006.12.07"]

1. d4 Nf6 2. Nf3 g6 3. c4 Bg7 4. Nc3 d5 5. cxd5 Nxd5 6. e4 Nxc3 7. bxc3 O-O 8.
Be3 c5 9. Be2 b6 10. O-O Bb7 11. Qd3 e6 12. Rad1 cxd4 13. cxd4 Ba6 14. Qd2 Qd7
15. d5 exd5 16. exd5 Qa4 17. d6 Nd7 18. Bxa6 Qxa6 19. Rfe1 Rac8 20. Bd4 Qa4 21.
Bxg7 Kxg7 22. Re7 Nf6 23. d7 Rcd8 24. Qd4 Qxd4 25. Rxd4 h6 26. h4 b5 27. Rd6 a5
28. Ne5 Ng8 29. Rxg6+ Kh7 30. Rxg8 Kxg8 31. Nc6 Kg7 32. Nxd8 Rxd8 33. Re5 b4
34. Rxa5 Rxd7 35. Rb5 Rd2 36. Rxb4 Rxa2 37. Rb5 Rc2 38. g3 Ra2 39. Kg2 Ra3 40.
g4 Rc3 41. f3 Rc4 42. Kg3 Ra4 43. Rf5 Rb4 44. Rf4 Rb2 45. Rd4 Ra2 46. Kf4 Rh2
47. Kg3 Ra2 48. Rc4 Rb2 49. Ra4 Rc2 50. Ra5 Rc4 51. g5 hxg5 52. Rxg5+ Kh6 53.
Rg4 Rc3 54. Rg5 Rc4 55. f4 Rc1 56. Kg4 Rh1 57. Rh5+ Kg6 58. Rg5+ Kh6 59. f5
Rg1+ 60. Kf4 Rh1 61. Rg4 Re1 62. Rg8 Kh7 63. Rg3 Kh6 64. Rg4 Re2 65. f6 Rf2+
66. Ke5 Re2+ 67. Re4 Rxe4+ 68. Kxe4 Kh5 69. Kf5 Kxh4 70. Kf4 Kh5 71. Kf5 Kh6
72. Kf4 Kg6 73. Kg4 Kxf6 74. Kf4 Ke6 75. Ke4 1/2-1/2

[Event "3. Torneo Master Benidorm"]
[Site "Benidorm ESP"]
[Date "2006.12.08"]
[Round "4.3"]
[White "Moskalenko, Viktor"]
[Black "Ortiz, Nadya Karolina"]
[Result "1-0"]
[WhiteElo "2543"]
[BlackElo "2293"]
[PlyCount "49"]
[EventDate "2006.12.07"]
[EventType "swiss (rapid)"]
[EventRounds "9"]
[EventCountry "ESP"]
[Source "lmi"]
[SourceDate "2006.12.07"]

1. d4 Nf6 2. c4 g6 3. Nc3 Bg7 4. e4 d6 5. f4 O-O 6. Nf3 c5 7. d5 Bg4 8. Be2 e6
9. dxe6 fxe6 10. Be3 Nc6 11. Ng5 Bxe2 12. Qxe2 Qa5 13. O-O Nd4 14. Bxd4 cxd4
15. Nb5 Qb6 16. Qd3 e5 17. Ne6 Rf7 18. c5 dxc5 19. Nxg7 Kxg7 20. fxe5 Nd7 21.
Rxf7+ Kxf7 22. Nd6+ Kg7 23. Qh3 Nxe5 24. Qe6 Ng4 25. Rf1 1-0

[Event "3. Torneo Master Benidorm"]
[Site "Benidorm ESP"]
[Date "2006.12.08"]
[Round "4.4"]
[White "Cabrera, Alexis"]
[Black "Taboas Rodriguez, Daniel"]
[Result "1/2-1/2"]
[WhiteElo "2508"]
[BlackElo "2296"]
[PlyCount "98"]
[EventDate "2006.12.07"]
[EventType "swiss (rapid)"]
[EventRounds "9"]
[EventCountry "ESP"]
[Source "lmi"]
[SourceDate "2006.12.07"]

1. e4 e5 2. Nf3 Nc6 3. Bb5 Nge7 4. O-O g6 5. d4 exd4 6. Nxd4 Bg7 7. Be3 O-O 8.
Nc3 d5 9. Re1 dxe4 10. Bxc6 Nxc6 11. Nxc6 bxc6 12. Nxe4 Bxb2 13. Rb1 Qxd1 14.
Rexd1 Be5 15. Bd4 Bxd4 16. Rxd4 Be6 17. f3 Rfb8 18. Rxb8+ Rxb8 19. Ra4 Rb1+ 20.
Kf2 Rb2 21. a3 Rxc2+ 22. Kg3 Bd5 23. Rxa7 Bxe4 24. fxe4 Kg7 25. a4 Ra2 26. e5
Re2 27. Ra5 Ra2 28. Ra7 Kf8 29. Kf3 Ke8 30. Rxc7 Rxa4 31. Rxc6 Ke7 32. g3 h5
33. h4 Rb4 34. Rd6 Rb3+ 35. Kf4 Rb4+ 36. Ke3 Rg4 37. Kf3 Ra4 38. Ke3 Rg4 39.
Kf3 Ra4 40. Rc6 Rb4 41. Rd6 Ra4 42. Ke3 Rg4 43. Kf3 Ra4 44. Rc6 Rb4 45. Ra6 Rc4
46. Ke3 Rg4 47. Kf3 Rb4 48. Rd6 Ra4 49. Ke3 Rg4 1/2-1/2

[Event "3. Torneo Master Benidorm"]
[Site "Benidorm ESP"]
[Date "2006.12.08"]
[Round "5.2"]
[White "Kozul, Zdenko"]
[Black "Moskalenko, Viktor"]
[Result "1-0"]
[WhiteElo "2589"]
[BlackElo "2543"]
[PlyCount "87"]
[EventDate "2006.12.07"]
[EventType "swiss (rapid)"]
[EventRounds "9"]
[EventCountry "ESP"]
[Source "lmi"]
[SourceDate "2006.12.07"]

1. d4 e6 2. c4 f5 3. g3 Nf6 4. Bg2 d5 5. Qc2 c6 6. Nh3 Bd6 7. O-O O-O 8. Bf4
Ne4 9. Rd1 Qe7 10. Bxd6 Nxd6 11. Nd2 Nd7 12. Nf4 Kh8 13. Nd3 Nxc4 14. Nxc4 dxc4
15. Qxc4 e5 16. dxe5 Nxe5 17. Qc5 Qxc5 18. Nxc5 Rb8 19. b3 b6 20. f4 Ng4 21.
Nd7 Bxd7 22. Rxd7 c5 23. Rxa7 Rfd8 24. Bf3 Nf6 25. Kf2 Kg8 26. Ke1 Kf8 27. Rd1
Rxd1+ 28. Kxd1 Rd8+ 29. Ke1 Rd6 30. Rb7 h6 31. h4 h5 32. a3 g6 33. b4 cxb4 34.
axb4 Nd7 35. Kf2 Ke7 36. b5 Kd8 37. Bc6 Nc5 38. Rb8+ Kc7 39. Rg8 Re6 40. Bd5
Rf6 41. Ke3 Kd6 42. Kd4 Ke7 43. Rg7+ Kd6 44. Kc4 1-0

[Event "3. Torneo Master Benidorm"]
[Site "Benidorm ESP"]
[Date "2006.12.08"]
[Round "5.3"]
[White "Djingarova, Emilia"]
[Black "Cabrera, Alexis"]
[Result "0-1"]
[WhiteElo "2302"]
[BlackElo "2508"]
[PlyCount "72"]
[EventDate "2006.12.07"]
[EventType "swiss (rapid)"]
[EventRounds "9"]
[EventCountry "ESP"]
[Source "lmi"]
[SourceDate "2006.12.07"]

1. e4 c5 2. Nf3 d6 3. d4 cxd4 4. Nxd4 Nf6 5. Nc3 g6 6. g3 Nc6 7. Bg2 Nxd4 8.
Qxd4 Bg7 9. O-O O-O 10. h3 Be6 11. Qe3 Qc8 12. Kh2 Rd8 13. Nd5 Qxc2 14. Nxe7+
Kf8 15. Nd5 Nxd5 16. exd5 Bf5 17. Bd2 Qxb2 18. Rac1 Re8 19. Qf4 Be5 20. Qh6+
Bg7 21. Qf4 Be5 22. Qh6+ Kg8 23. Be3 Rac8 24. Rxc8 Rxc8 25. a4 Qb4 26. Qg5 Qxa4
27. f4 Bd4 28. Bxd4 Qxd4 29. Re1 Qd2 30. Qe7 Rc2 31. Rg1 Qb4 32. Kh1 Rxg2 33.
Kxg2 Be4+ 34. Kf1 Qb1+ 35. Kf2 Qc2+ 36. Ke1 Qc3+ 0-1

[Event "3. Torneo Master Benidorm"]
[Site "Benidorm ESP"]
[Date "2006.12.09"]
[Round "6.3"]
[White "Cabrera, Alexis"]
[Black "Camarena Gimenez, Rufino"]
[Result "1-0"]
[WhiteElo "2508"]
[BlackElo "2330"]
[PlyCount "79"]
[EventDate "2006.12.07"]
[EventType "swiss (rapid)"]
[EventRounds "9"]
[EventCountry "ESP"]
[Source "lmi"]
[SourceDate "2006.12.07"]

1. e4 e6 2. d4 d5 3. Nc3 Bb4 4. e5 c5 5. a3 Ba5 6. b4 cxd4 7. bxa5 dxc3 8. Qg4
Ne7 9. Qxg7 Rg8 10. Qxh7 Nbc6 11. Nf3 Qc7 12. Bf4 Bd7 13. Bd3 O-O-O 14. a6 b6
15. Qh6 Rh8 16. Qf6 Rdg8 17. Bg3 Be8 18. O-O Rh5 19. Qf4 Nf5 20. Rfe1 Nce7 21.
Rab1 Qc5 22. Qb4 Nc6 23. Qxc5 bxc5 24. Rb7 c4 25. Bxf5 Rxf5 26. Kf1 Rxf3 27.
gxf3 d4 28. Rd1 d3 29. cxd3 c2 30. Rc1 cxd3 31. Ke1 Nd4 32. Kd2 Bc6 33. Kxd3
Rd8 34. Rb4 Nb3+ 35. Kxc2 Nxc1 36. Kxc1 Rd3 37. Rf4 Rxf3 38. Rxf3 Bxf3 39. Kd2
Kd7 40. Bf4 1-0

[Event "3. Torneo Master Benidorm"]
[Site "Benidorm ESP"]
[Date "2006.12.09"]
[Round "6.4"]
[White "Ortiz, Nadya Karolina"]
[Black "Damaso, Rui"]
[Result "0-1"]
[WhiteElo "2293"]
[BlackElo "2449"]
[PlyCount "73"]
[EventDate "2006.12.07"]
[EventType "swiss (rapid)"]
[EventRounds "9"]
[EventCountry "ESP"]
[Source "lmi"]
[SourceDate "2006.12.07"]

1. e4 c5 2. c3 d6 3. d4 Nf6 4. Bd3 cxd4 5. cxd4 g6 6. Ne2 Bg7 7. O-O Nc6 8.
Nbc3 O-O 9. h3 e5 10. d5 Nd4 11. Be3 Nh5 12. Bxd4 exd4 13. Nb5 Qb6 14. Bc4 Re8
15. Qd3 Nf6 16. Qxd4 Qd8 17. Qd3 Nxe4 18. Nbd4 a6 19. a4 Bd7 20. a5 Rc8 21.
Rfc1 Qh4 22. Rf1 Nc5 23. Qg3 Qxg3 24. fxg3 Ne4 25. Bd3 Nxg3 26. Rf2 Re3 27. Rd1
Nxe2+ 28. Bxe2 Re4 29. Nf3 Rc2 30. Bd3 Rxf2 31. Kxf2 Rb4 32. Rc1 Rxb2+ 33. Kg3
Kf8 34. Rc7 Ke8 35. Bc2 Kd8 36. Rc4 Bb5 37. Ng1 0-1

[Event "3. Torneo Master Benidorm"]
[Site "Benidorm ESP"]
[Date "2006.12.09"]
[Round "6.5"]
[White "Fokin, Sergey"]
[Black "Granero Roca, Antonio"]
[Result "1-0"]
[WhiteElo "2157"]
[BlackElo "2348"]
[PlyCount "107"]
[EventDate "2006.12.07"]
[EventType "swiss (rapid)"]
[EventRounds "9"]
[EventCountry "ESP"]
[Source "lmi"]
[SourceDate "2006.12.07"]

1. d4 Nf6 2. c4 c5 3. d5 b5 4. cxb5 a6 5. bxa6 g6 6. Nc3 Bxa6 7. g3 d6 8. Bg2
Bg7 9. Nf3 O-O 10. O-O Nbd7 11. Rb1 Ng4 12. Qc2 Qb6 13. b3 Nge5 14. Nd2 Nf6 15.
h3 Rfb8 16. Re1 Qa7 17. Nf3 Ned7 18. e4 Ne8 19. a4 Nc7 20. Be3 Qb7 21. Nd2 Ne5
22. Bf1 Bxf1 23. Rxf1 Qa6 24. f4 Nd3 25. Nc4 Nb4 26. Qd2 Qc8 27. f5 Ne8 28. g4
Nf6 29. Bf4 Nd7 30. Nb5 Nb6 31. Nxb6 Rxb6 32. Na3 Bd4+ 33. Be3 Bxe3+ 34. Qxe3
Rb7 35. Rf2 f6 36. fxg6 hxg6 37. g5 Kg7 38. Rbf1 f5 39. exf5 Nxd5 40. Qf3 Qxf5
41. Qg3 Qe6 42. Nc4 Rh8 43. Rf7+ Qxf7 44. Rxf7+ Kxf7 45. Qf3+ Kg7 46. Na5 Rb4
47. Nc6 Rf4 48. Qxd5 Rxh3 49. Nxe7 Rg4+ 50. Kf2 Rf4+ 51. Kg2 Rh8 52. Qe6 Rhf8
53. Qxg6+ Kh8 54. Qh6# 1-0

[Event "3. Torneo Master Benidorm"]
[Site "Benidorm ESP"]
[Date "2006.12.09"]
[Round "6.6"]
[White "Baches Garcia, Guillermo"]
[Black "Taboas Rodriguez, Daniel"]
[Result "1-0"]
[WhiteElo "2379"]
[BlackElo "2296"]
[PlyCount "65"]
[EventDate "2006.12.07"]
[EventType "swiss (rapid)"]
[EventRounds "9"]
[EventCountry "ESP"]
[Source "lmi"]
[SourceDate "2006.12.07"]

1. e4 e6 2. Qe2 d5 3. exd5 Qxd5 4. Nc3 Qa5 5. Nf3 Nf6 6. g3 Bb4 7. Bg2 O-O 8.
O-O Nc6 9. a3 e5 10. Rb1 Bxc3 11. dxc3 Bg4 12. h3 Bh5 13. g4 Bg6 14. Nh4 Rfe8
15. Nxg6 hxg6 16. b4 Qa4 17. b5 Nd8 18. Rb4 Qa5 19. g5 Nh5 20. Bf3 c5 21. Rh4
Ne6 22. Bxh5 gxh5 23. Qxh5 Kf8 24. f4 Ke7 25. Qf3 e4 26. Qxe4 Qxc3 27. Qxb7+
Kd6 28. Rd1+ Nd4 29. Qc6+ Ke7 30. Qc7+ Ke6 31. f5+ Kd5 32. Rhxd4+ cxd4 33. Qxc3
1-0

[Event "3. Torneo Master Benidorm"]
[Site "Benidorm ESP"]
[Date "2006.12.09"]
[Round "7.2"]
[White "Delchev, Aleksander"]
[Black "Fokin, Sergey"]
[Result "1-0"]
[WhiteElo "2628"]
[BlackElo "2157"]
[PlyCount "143"]
[EventDate "2006.12.07"]
[EventType "swiss (rapid)"]
[EventRounds "9"]
[EventCountry "ESP"]
[Source "lmi"]
[SourceDate "2006.12.07"]

1. e4 c5 2. Nf3 e6 3. d4 cxd4 4. Nxd4 a6 5. Nc3 Qc7 6. Bd3 Bc5 7. Nb3 Be7 8.
Qg4 g6 9. Bg5 Nc6 10. Bxe7 Ngxe7 11. f4 d6 12. Qg5 Bd7 13. O-O-O O-O-O 14. Kb1
Kb8 15. a3 Nc8 16. Rd2 Rdf8 17. Qf6 Qd8 18. Qxd8 Rxd8 19. Rhd1 Kc7 20. Be2 h5
21. h4 Rhe8 22. Bf3 Re7 23. Nc1 Be8 24. b3 Nb6 25. N1e2 f6 26. g3 e5 27. Nd5+
Nxd5 28. exd5 Nb8 29. fxe5 fxe5 30. Nc3 Bd7 31. Ne4 Bf5 32. Rd3 a5 33. Rc3+ Kb6
34. Nd2 Ka7 35. Kb2 Na6 36. Nc4 b6 37. b4 a4 38. Ne3 Bd7 39. Be4 Be8 40. Rcd3
b5 41. R3d2 Nc7 42. Rf2 Na8 43. Rf8 Rg7 44. c4 bxc4 45. Nxc4 Nb6 46. Rc1 Nxc4+
47. Rxc4 Rb8 48. Rf6 Bb5 49. Rc3 Rd8 50. Bxg6 Rdg8 51. Rf7+ Rxf7 52. Bxf7 Rh8
53. Bg6 Kb6 54. Kc1 Rh6 55. Be4 Bd7 56. Rf3 Bg4 57. Rf8 Bd7 58. Kd2 Bg4 59. Ke3
Bd7 60. Bc2 Bb5 61. Rb8+ Ka6 62. Rg8 Kb6 63. Rg6 Rh8 64. Rxd6+ Kc7 65. Rf6 Kd7
66. d6 Rg8 67. Bf5+ Kc6 68. Rg6 Rf8 69. d7+ Kc7 70. Rg5 Rh8 71. Ke4 Kd6 72.
Rg6+ 1-0

[Event "3. Torneo Master Benidorm"]
[Site "Benidorm ESP"]
[Date "2006.12.09"]
[Round "7.3"]
[White "Kozul, Zdenko"]
[Black "Cabrera, Alexis"]
[Result "1-0"]
[WhiteElo "2589"]
[BlackElo "2508"]
[PlyCount "71"]
[EventDate "2006.12.07"]
[EventType "swiss (rapid)"]
[EventRounds "9"]
[EventCountry "ESP"]
[Source "lmi"]
[SourceDate "2006.12.07"]

1. d4 Nf6 2. Nf3 g6 3. c4 Bg7 4. Nc3 O-O 5. e4 d6 6. Be2 e5 7. O-O Nc6 8. d5
Ne7 9. Ne1 Nd7 10. Nd3 f5 11. Bd2 Kh8 12. f3 Ng8 13. a4 Bh6 14. a5 a6 15. Na4
Bxd2 16. Qxd2 f4 17. c5 g5 18. cxd6 cxd6 19. Qb4 Rf6 20. Rfc1 g4 21. fxg4 Rg6
22. Nf2 Rb8 23. Ra3 Ndf6 24. h3 Bd7 25. Nb6 Be8 26. Rac3 Ne7 27. Qa3 Rg7 28.
Kf1 Bg6 29. Bf3 h5 30. g5 Nh7 31. h4 Be8 32. Be2 Nf8 33. Nc4 Bb5 34. Qxd6 Bxc4
35. Qh6+ Nh7 36. Rxc4 1-0